00851nam a2200217 a 4500001001000000003000500010005001700015008004100032010001100073011001100084040000900095100003000104245014100134260005200275500006000327502009500387650002400482650002700506650003000533856007000563000115953CHAP20220329144555.0190821s2019 mx a |sm |||||||spa d a112414 a113386 cCHAP1 aMendoza Campos, Julián.10aAgroecología urbana :h[En línea]baportes y experiencias en el área metropolitana de Guadalajara. /cpor Julián Mendoza Campos. aMorelia, Michoacán,Méx. :bEl autor,c2019. aPara ver el contenido del material haga clic en la liga aTesis (M.C. en Desarrollo Rural Regional) -- UACH. Dirección General de Control Regional14aAgricultura urbana.14aDesarrollo agrícola.14aProducción alimentaria. aFinding aiduhttp://10.13.5.2/tesis/sist115953.pdfzTeclea aquí